000 00687cab a2200229 4500
001 WB3017-14
008 090401t1994 xxu||||| |||| 00| 0 eng d
035 _a(Sirsi) u41760
041 _aeng
245 _aFactory shops store up trouble
260 _c1994
350 _a0
490 _aTimes
_v4 May 1994, 6(1)
520 _aPlanners claim that American-style factory shops could damage town centre retailers and traditional markets. Map shows proposed sites.
650 _aCIVIC TRUST
650 _aFACTORY OUTLETS
650 _aFACTORY SHOPS
650 _aPLANNING CONTROL
690 _aPROPERTY-COMMERCIAL PROPERTY-RETAIL PROPERTY
942 _n0
948 _c04/03/1997
999 _c26809
_d26809